Páginas libres: ensayos 1972-2005
Gardado en:
| Autor Principal: | |
|---|---|
| Formato: | Libro |
| Idioma: | Lingua castelá |
| Publicado: |
Santiago
D+D
2010
|
| Edición: | 1a. ed |
| Subjects: | |
| Tags: |
Engadir etiqueta
Sen Etiquetas, Sexa o primeiro en etiquetar este rexistro!
|
MARC
| LEADER | 00000cam a2200000 a 4500 | ||
|---|---|---|---|
| 001 | UCG6306 | ||
| 003 | CL-VaPUC | ||
| 008 | 110414e20101100CL |||||||||||||||||spa|d | ||
| 020 | |a 9789569013003 | ||
| 082 | 0 | 4 | |a Ch864 |b DIG |2 21 |
| 100 | |a Di Girolamo Carlini, Vittorio |e author |9 556399 | ||
| 245 | 1 | 0 | |a Páginas libres: ensayos 1972-2005 |
| 250 | |a 1a. ed | ||
| 300 | |a 359 p | ||
| 942 | |c BK | ||
| 945 | |d 20110414 00:00:00 |a jcampos | ||
| 260 | |a Santiago |b D+D |c 2010 | ||
| 650 | 0 | |a Ensayos chilenos |9 269132 | |
| 650 | 0 | |a Escritores chilenos |9 420370 | |
| 650 | 0 | |a Artículos periodísticos |9 403045 | |
| 650 | 7 | |a COLUMNAS DE OPINION |2 CL-VaPUC |9 556401 | |
| 583 | |a last modification |c 20140814 11:32:34 |k Rodrigo Vera | ||
| 999 | |c 344571 |d 344569 | ||
| 952 | |0 0 |1 0 |4 0 |6 CH_864_000000000000000_DIG_2010 |7 0 |8 A |9 442612 |a BIBARQ |b BIBARQ |d 2019-11-22 |i 476627K |o Ch864 DIG 2010 |p 476627K |r 2025-01-20 |w 2019-11-22 |y BK |k ARQ | ||
| 952 | |0 0 |1 0 |3 erb |4 0 |6 CH_864_000000000000000_DIG_2010 |7 0 |8 R |9 442613 |a BIBEDU |b BIBEDU |c MCIRC |i 5094003 |o Ch864 DIG 2010 |p 5094003 |r 2023-01-13 |w 2019-11-22 |y BK_R |z Catalogado en:20140814 |k EDU | ||